Click the Green Day Song Title Ending - Statistics

General Stats
  • This quiz has been taken 214 times
  • The average score is 18 of 20
Answer Stats
Hint Answer % Correct
Boulevard of Broken Dreams
99%
Wake Me Up When September Ends
99%
Nice Guys Finish Last
99%
When I Come Around
98%
Basket Case
98%
American Idiot
98%
Know Your Enemy
96%
Let Yourself Go
96%
Good Riddance
96%
Hitchin' a Ride
96%
21 Guns
95%
Welcome to Paradise
94%
Jesus of Suburbia
94%
She's a Rebel
93%
Give Me Novacaine
92%
Brain Stew
91%
21st Century Breakdown
87%
Kill the DJ
85%
Walking Contradiction
78%
Are We the Waiting
64%
No matching quizzes found
Score Distribution
Percent of People with Each Score
Percentile by Number Answered
Your Score History
You have not taken this quiz